000 00460nam a2200181Ia 4500
008 240925s9999 xx 000 0 und d
020 _a9789332536524
082 _a174.4 DEG
100 _aDegeotge ,Richard T.
245 0 _aBusiness Ethics
250 _a7th
260 _aNew Delhi:
_bPearson Education
_c,2015.
300 _a380p.
_b0
_fOriginal
500 _aIncludes Index
600 _aHumanities & Natural Science
650 _aEthics
942 _cBK
999 _c15397
_d15397